000 00757nas a2200253 4500
001 BR9605390
003 BR-BrBNA
005 20231205095835.0
007 ta
008 230509b bl.|||p| |||| 00| 00por d
040 _aBR-BrBNA
_bpor
_cBiblioteca Nacional de Agricultura
041 _a(Pt)
072 _aL70; L74
100 1 _aDearo, A.C. de O.
100 1 _aGandolfi, W.
245 1 _aSindrome colica em equinos apos uso topico de amitraz (Triatox)
650 _aEquino
650 _aColica
650 _aAcaricida
650 _aIntoxicacao
773 0 _tRevista Brasileira de Medicina Veterinaria (Brazil)
_xISSN 0100-2430
_g(Jul-Aug 1995), v. 17(4) p. 174-178
_wBR9605390
909 _a202311
_bLúcia
_c55
_dLúcia Elande
942 _2AGRIS
_n0
_cANA
999 _c152999
_d152999